Responses for show #7726 - Monday, March 26, 2018

Contestants

[<< previous game]

Johnny Trutor, an instructional technologist from Colchester, Vermont

Vicki Cole, a compliance technician from Denver, Colorado

Tristan Mohabir, a nonprofit associate director from Washington, D.C. (whose 1-day cash winnings total $15,200)

[next game >>]

Jeopardy! Round responses

AIRLINES
SOUNDS LIKE MEAT
HIDE AWAY IN A BOOK
MY COUNTRY (OF BIRTH)
RITE
WRONG
    $200 30
Air France

Johnny
    $200 29
a ham

Vicki
    $200 10
Of Mice and Men

Tristan
    $200 1
South Africa

Tristan
    $200 27
a bar mitzvah

Tristan
    $200 13
television

Johnny
    $400 20
Hawaiian Airlines

Tristan
    $400 28
chicken

Johnny
    $400 6
the Metropolitan Museum of Art

Triple Stumper
    $400 2
Spain

Johnny
    $400 26
baptism

Johnny
    $400 14
the brain

Tristan
    $600 19
Southwest

Vicki
    $600 24
on the lam

Tristan
    $600 7
Ron Weasley

Tristan
    $600 3
Germany

Johnny
    $600 25
(Johnny: What is Hinduism?)

Buddhism

VickiJohnny
    $600 11
a hurricane

Johnny
    $800 18
El Al

Vicki
    $800 23
pork

Tristan
    $800 8
Invisible Man

Tristan
    $800 4
(Johnny: What is Nigeria?)

Great Britain

Johnny
Triple Stumper
    $800 17
hajj

Tristan
    $800 15
the internet

Johnny
    $1000 21
Aer Lingus

Johnny
    $3,800 22
a burgher

Johnny
    $1000 9
Jane Eyre

Vicki
    $1000 5
Belgium

Johnny
    $1000 16
(Vicki: What is a spirit quest?)
[Originally ruled incorrect; ruled correct before Double Jeopardy!]

a vision quest (or spirit quest)

Vicki
    $1000 12
the shah of Iran

Vicki

Scores at the first commercial break (after clue 15):

Tristan Vicki Johnny
$2,200 $2,000 $2,800

Scores at the end of the Jeopardy! Round:

Tristan Vicki Johnny
$5,000 $5,200 $8,000

Double Jeopardy! Round responses

THE RHYME OF SIR NEVILLE MARRINER
O NO!
EMMYS FOR COMEDY
LINGUISTICS
AMERICAN POLITICAL HISTORY
GEOGRAPHIC SPELLING BEE
    $400 6
the violin

Johnny
    $400 19
a noose and a nose

Johnny
    $400 26
[The end-of-round signal sounds.]

Kelsey Grammer

Vicki
    $400 11
a consonant

Johnny
    $400 25
Washington

Johnny
    $400 16
(Johnny: What is Mediterranean? ...What is the Med--M-E-D-E... M-E-D-I-T-E-R-R-A-N? No.)

M-E-D-I-T-E-R-R-A-N-E-A-N

Johnny
Triple Stumper
    $800 7
Vivaldi

Tristan
    $800 20
root and rot

Johnny
    $800 12
Latin

Johnny
    $800 24
(Johnny: [*]. What is [*]?)

Pennsylvania

Johnny
    $800 23
(Alex: Less than a minute now.)

K-I-L-I-M-A-N-J-A-R-O

Johnny
    $1200 17
Amadeus

Vicki
    $1200 8
(Tristan: What is an orange grove?)

groove and grove

Tristan
Triple Stumper
    $1200 13
like

Johnny
    $6,200 4
(Tristan: What is 10?)
(Alex: No, you need two-thirds of the Senate to convict.)

17

Tristan
    $1200 2
(Tristan: What is Asuncion?)
(Alex: You have to spell it.)

A-S-U-N-C-I-O-N

Tristan
    $1600 5
Bela Bartok

Triple Stumper
    $1600 21
droop and drop

Tristan
    $1600 14
(Johnny: Who is Will?)

Noam Chomsky

TristanJohnny
    $1600 3
William Jennings Bryan

Tristan
    $1600 1
(Tristan: Oh. What is O-A-H-U?)

L-A-N-A-I

Tristan
Triple Stumper
    $2000 18
(Vicki: What is St. Martin in the Field?)
[Originally ruled correct; ruled incorrect before the second Daily Double]

the Academy of St. Martin in the Fields

Vicki
Triple Stumper
    $2,800 22
(Alex: Tristan?)
(Tristan: What is...)

googol and Gogol

Tristan
    $2000 15
Hungarian

Triple Stumper
    $2000 9
(Vicki: What are the Boer Wars?)
(Alex: Say it again?)
(Vicki: The Boer Wars?)

the Barbary Wars

VickiJohnny
    $2000 10
M-A-U-R-I-T-I-U-S

Triple Stumper

Scores at the end of the Double Jeopardy! Round:

Tristan Vicki Johnny
$0 $2,800 $14,000
(lock game)

[wagering suggestions for these scores]

Final Jeopardy! Round responses

MEDIEVAL LITERATURE
VickiWhat is Beowulf?
$2,800
JohnnyWhat is Le Morte D'Arthur? The Canterbury Tales
$0
The Canterbury Tales

Final scores:

Tristan Vicki Johnny
$0 $0 $14,000
3rd place: $1,000 2nd place: $2,000 New champion: $14,000

Game dynamics:

Coryat scores:

Tristan Vicki Johnny
$9,000 $2,800 $11,200
15 R,
4 W
(including 2 DDs)
9 R,
2 W
21 R
(including 1 DD),
4 W

Combined Coryat: $23,000

The J! Archive is created by fans, for fans. The Jeopardy! game show and all elements thereof, including but not limited to copyright and trademark thereto, are the property of Jeopardy Productions, Inc. and are protected under law. This website is not affiliated with, sponsored by, or operated by Jeopardy Productions, Inc. Join the discussion at JBoard.tv.